Grease (Record no. 18109)
[ view plain ]
| 000 -LEADER | |
|---|---|
| fixed length control field | 01653cgm a22003737a 4500 |
| 005 - DATE AND TIME OF LATEST TRANSACTION | |
| control field | 20140316142151.0 |
| 007 - PHYSICAL DESCRIPTION FIXED FIELD--GENERAL INFORMATION | |
| fixed length control field | vd cgaizm |
| 008 - FIXED-LENGTH DATA ELEMENTS--GENERAL INFORMATION | |
| fixed length control field | 140316t2010 xxu106 g |||| 0| vleng d |
| 020 ## - INTERNATIONAL STANDARD BOOK NUMBER | |
| International Standard Book Number | 5014437823038 |
| 041 1# - LANGUAGE CODE | |
| Language code of text/sound track or separate title | eng |
| -- | ger |
| 082 04 - DEWEY DECIMAL CLASSIFICATION NUMBER | |
| Edition number | 22 |
| Classification number | 791.4372 |
| Item number | GRE |
| 245 00 - TITLE STATEMENT | |
| Title | Grease |
| Medium | [videorecording] / |
| Statement of responsibility, etc | Paramount Pictures presents a Robert Stigwood / Allan Carr production ; produced by Robert Stigwood and Allan Carr ; screenplay by Bronté Woodard ; adaptation by Allan Carr ; directed by Randal Kleiser. |
| 250 ## - EDITION STATEMENT | |
| Edition statement | 2.35 : 1 widescreen. |
| 260 ## - PUBLICATION, DISTRIBUTION, ETC. (IMPRINT) | |
| Place of publication, distribution, etc | [Hollywood, United States] : |
| Name of publisher, distributor, etc | Paramount Pictures, |
| Date of publication, distribution, etc | c.2010. |
| 300 ## - PHYSICAL DESCRIPTION | |
| Extent | 1 videodisc (106 min.) : |
| Other physical details | sd., col. ; |
| Dimensions | 4 3/4 in. |
| 508 ## - CREATION/PRODUCTION CREDITS NOTE | |
| Creation/production credits note | Choreography Patricia Birch, original musical by Jim Jacobs and Warren Casey. |
| 511 ## - PARTICIPANT OR PERFORMER NOTE | |
| Participant or performer note | John Travolta, Olivia Newton-John. |
| 521 ## - TARGET AUDIENCE NOTE | |
| Target audience note | Fit for viewing by persons generally, but in the case of a child under the age of 12 years under parental guidance. |
| 546 ## - LANGUAGE NOTE | |
| Language note | In English, German language. |
| 650 #0 - SUBJECT ADDED ENTRY--TOPICAL TERM | |
| 9 (RLIN) | 35661 |
| Topical term or geographic name as entry element | High school students |
| Form subdivision | Drama |
| 650 #0 - SUBJECT ADDED ENTRY--TOPICAL TERM | |
| 9 (RLIN) | 35662 |
| Topical term or geographic name as entry element | Nineteen fifties |
| Form subdivision | Drama |
| 653 ## - INDEX TERM--UNCONTROLLED | |
| -- | GGEN |
| -- | March2014 |
| 700 1# - ADDED ENTRY--PERSONAL NAME | |
| 9 (RLIN) | 35659 |
| Personal name | Travolta, John, |
| Dates associated with a name | 1954- |
| 700 1# - ADDED ENTRY--PERSONAL NAME | |
| Personal name | Newton-John, Olivia |
| 9 (RLIN) | 35664 |
| Dates associated with a name | 1948- |
| 700 1# - ADDED ENTRY--PERSONAL NAME | |
| Personal name | Casey, Warren, |
| 9 (RLIN) | 35665 |
| Dates associated with a name | 1935-1988 |
| 700 1# - ADDED ENTRY--PERSONAL NAME | |
| Personal name | Jacobs, Jim, |
| 9 (RLIN) | 35666 |
| Dates associated with a name | 1942- |
| 700 1# - ADDED ENTRY--PERSONAL NAME | |
| Personal name | Birch, Patricia |
| 9 (RLIN) | 35667 |
| 700 1# - ADDED ENTRY--PERSONAL NAME | |
| Personal name | Kleiser, Randal, |
| 9 (RLIN) | 35668 |
| Dates associated with a name | 1946- |
| 700 1# - ADDED ENTRY--PERSONAL NAME | |
| Personal name | Carr, Allan, |
| 9 (RLIN) | 35671 |
| Dates associated with a name | 1937-1999 |
| 700 1# - ADDED ENTRY--PERSONAL NAME | |
| Personal name | Woodard, Bronte, |
| 9 (RLIN) | 35670 |
| Dates associated with a name | 1940-1980 |
| 700 1# - ADDED ENTRY--PERSONAL NAME | |
| Personal name | Stigwood, Robert, |
| 9 (RLIN) | 35672 |
| Dates associated with a name | 1934- |
| 710 2# - ADDED ENTRY--CORPORATE NAME | |
| 9 (RLIN) | 35269 |
| Corporate name or jurisdiction name as entry element | Paramount Pictures Corporation (1914-1927) |
| 942 ## - ADDED ENTRY ELEMENTS (KOHA) | |
| Source of classification or shelving scheme | Dewey Decimal Classification |
| Item type | |
| Call number prefix | 791.4372 GRE |
| Withdrawn status | Lost status | Source of classification or shelving scheme | Damaged status | Not for loan | Koha collection | Home library | Current library | Shelving location | Date acquired | Source of acquisition | Cost, normal purchase price | Total Checkouts | Total Renewals | Full call number | Barcode | Date last seen | Date last borrowed | Cost, replacement price | Koha item type |
|---|---|---|---|---|---|---|---|---|---|---|---|---|---|---|---|---|---|---|---|
| Dewey Decimal Classification | Baccah | Central Library | Central Library | Second Floor | 16/03/2014 | Purchase | 159.00 | 1 | 1 | 791.4372 GRE | 000035692 | 24/08/2022 | 03/01/2021 | 198.75 | CD | DVD - With Textbook |